| 000 | 00512pab a2200157 454500 | ||
|---|---|---|---|
| 008 | 180718b xxu||||| |||| 00| 0 eng d | ||
| 100 | _aRobinson John P. and others | ||
| 245 | _aEthnonationalist and political attitudes among post Soviet youth: the cas e of Russia and Ukraine | ||
| 362 | _a26(3) Sep 93, p.516-21 | ||
| 650 | _a Students -- Ukraine | ||
| 650 | _a Students -- Russia | ||
| 650 | _a Youth -- Ukraine | ||
| 650 | _aYouth -- Russia | ||
| 773 | _aPS: Political Science and Politics | ||
| 909 | _a25314 | ||
| 999 |
_c25314 _d25314 |
||